000
00197nam a2200073Ia 4500
008
170524s9999 xx 000 0 und d
100
_a
NAVATHE- SHAMKANT B
245
0
_a
FUNDAMENTALS OF DATABASE SYSTEM
260
_b
PEARSON EDUCATION
999
_c
8098
_d
8098